| 000 | 00606nab a2200205 a 4500 | ||
|---|---|---|---|
| 001 | 28798 | ||
| 003 | 93997 | ||
| 005 | 20201118100556.0 | ||
| 008 | ||||||n9999 ||| || || | ||
| 041 | _aspa | ||
| 245 | 0 |
_aLa educación superior en Colombia (v2) : _bdocumentos básicos para su planeamiento |
|
| 260 |
_aBogotá : _bInstituto Colombiano para el Fomento de la Educación Superior-ICFES, _c1970. |
||
| 300 | _a329p | ||
| 562 | _e1 | ||
| 650 | _aCOLOMBIA | ||
| 650 | _aEDUCACIÓN SUPERIOR | ||
| 650 | _aPLANEACIÓN | ||
| 773 |
_07992 _aLa educación superior en Colombia : |
||
| 942 | _cDO-GO | ||
| 999 |
_c28798 _d28798 |
||